| 000 | 00770nam a2200205Ia 4500 | ||
|---|---|---|---|
| 003 | GCL | ||
| 008 | 140319s9999 xx 000 0 ara d | ||
| 020 | _a98341024 | ||
| 040 |
_aGCL / _cGCL |
||
| 082 | 0 | 4 |
_aد _b050 _bم م |
| 245 | 1 | 0 | _aالمستقبل العربى ( ديسمبر 2006 العدد 334 ) |
| 260 |
_aبيروت : _bمركز دراسات الوحدة العربية ، _c2006 |
||
| 650 | 0 | 4 | _aالديمقراطية |
| 650 | 0 | 4 | _aابن خلدون |
| 650 | 0 | 4 | _aمنظمة الاقطار المصدرة للبترول |
| 650 | 0 | 4 | _aفلسطين - الاحوال السياسية |
| 650 | 0 | 4 | _aالولايات المتحدة الامريكية - الاحوال السياسية |
| 650 | 0 | 4 | _aالحرب الاهلية - العراق |
| 942 |
_2ddc _cCR |
||
| 999 |
_c9020 _d9020 |
||